00480nam a22001697a 4500003000900000005001700009007000300026008003200029020001800061040002500079082000700104100001800111245005100129260003800180300002100218500007100239DO-SdBNP20240307174645.0ta130726s 2011 dr 000 0 spa d a9789945469684 aDO-SdBNPbspacBNPHU 42221 aInoa, Orlando10atientos y trotes /cRené Rodríguez Soriano aSanto Domingo :bNacional,c2011. a196 p. ;c24 cm. aIncluye datos biográficos del autor en la solapa de la cubierta